Normal view
MARC view
Entry Personal Name
001 - CONTROL NUMBER
- control field: 260193
003 - CONTROL NUMBER IDENTIFIER
- control field: OSt
005 - DATE AND TIME OF LATEST TRANSACTION
- control field: 20260404114135.0
008 - FIXED-LENGTH DATA ELEMENTS
- fixed length control field: 260404|| aca||aabn | a|a d
040 ## - CATALOGING SOURCE
- Original cataloging agency: OSt
- Transcribing agency: OSt
100 ## - HEADING--PERSONAL NAME
- Personal name: Schinzinger, Roland
670 ## - SOURCE DATA FOUND
- Source citation: Work cat.: (OSt)241122: Mike W Martin 260192, Ethics in engineering, 2018